Jaroslava Šicková-Fabrici. Sochy

Bibliographic Details
Format: Book
Language:Slovak
English
PhysicalDescription:18 nečíslovaných strán fotografie 26 cm
Published: [Miesto vydania nie je známe] [vydavateľ nie je známy] [2007]
Subjects:

MARC

LEADER 00000nam a2200000 4500
001 vtls012260740
003 SK-MaSNL
005 20260331212645.0
008 240722s2007 xo o g c 000 0dslo
015 |a SNBE2024 
020 |q (brožované) 
040 |a SNK  |b slo  |c SNK  |e rda 
041 0 |a slo  |a eng 
043 |a e-xo--- 
044 |a xo  |c SK 
072 7 |a 73  |x Sochárstvo, keramika, porcelán, umelecké spracovanie kovov  |2 konspekt 
080 |a 730(437.6)  |2 2011 
080 |a 730.036/.038  |2 2011 
080 |a (437.6)  |2 2011 
080 |a (083.82)  |2 2011 
080 |a (084.11)  |2 2011 
100 1 |a Šicková-Fabrici, Jaroslava,  |d 1950-  |4 art  |9 237306 
245 1 0 |a Jaroslava Šicková-Fabrici. Sochy 
246 3 1 |a Jaroslava Šicková-Fabrici. Sculptures 
264 1 |a [Miesto vydania nie je známe]  |b [vydavateľ nie je známy]  |c [2007] 
300 |a 18 nečíslovaných strán  |b fotografie  |c 26 cm 
336 |a text  |b txt  |2 rdacontent 
336 |a statický obraz  |b sti  |2 rdacontent 
337 |a bez média  |b n  |2 rdamedia 
338 |a zväzok  |b nc  |2 rdacarrier 
500 |a Názov z obálky 
500 |a Životopisné dáta, prehľad výstav, účasť na sympóziách, diela v zbierkach a v majetku organizácií 
546 |a Súbežný názov a text v angličtine 
600 1 7 |a Šicková-Fabrici, Jaroslava,  |d 1950-  |2 SNKMA  |9 237306 
648 7 |a 20.-21. storočie  |2 SNKPH  |9 302531 
648 7 |a 20th-21st centuries  |2 SNKPHeng  |9 285312 
650 0 7 |a slovenské sochárstvo  |2 SNKPH  |9 3052 
650 0 7 |a moderné sochárstvo  |2 SNKPH  |9 88870 
650 0 7 |a Slovak sculpture  |2 SNKPHeng  |9 308551 
650 0 7 |a Modern sculpture  |2 SNKPHeng  |9 323303 
651 7 |a Slovensko  |2 SNKPH  |9 14231 
651 7 |a Slovakia  |2 SNKPHeng  |9 92630 
655 7 |a katalógy  |2 SNKPH  |9 60821 
655 7 |a obrazové publikácie  |2 SNKPH  |9 70343 
655 7 |a Catalogs  |2 SNKPHeng  |9 266059 
655 7 |a Pictorial works  |2 SNKPHeng  |9 284468 
852 |a Slovenská národná knižnica 
954 |a obrazové publikácie zamerané na výtvarné umenie a fotografiu pôvodné (slovenské)  |2 lita 
999 |c 1217469  |d 1219399 
952 |a SNK  |b SNK  |y PREZ  |7 0  |p 17A1536457  |o snkOSB 21493  |i snk2024/11605  |8 1  |0 0  |1 0  |4 0  |d 2024-07-22  |l 0  |r 2026-02-24 23:33:34  |w 2026-02-24